<?xml version="1.0" encoding="UTF-8"?>
<marc:record xmlns:marc="http://www.loc.gov/MARC21/slim">
   <marc:leader>00000nam a2200000 a 4500</marc:leader>
   <marc:datafield ind1="1" ind2=" " tag="100">
      <marc:subfield code="a">Moers, Walter</marc:subfield>
      <marc:subfield code="4">aut</marc:subfield>
      <marc:subfield code="e">Verfasser/-in</marc:subfield>
   </marc:datafield>
   <marc:datafield ind1=" " ind2=" " tag="653">
      <marc:subfield code="a">Zeichentrickfilm</marc:subfield>
   </marc:datafield>
   <marc:datafield ind1="0" ind2="0" tag="245">
      <marc:subfield code="a">Käpt´n Blaubär</marc:subfield>
   </marc:datafield>
   <marc:datafield ind1="0" ind2="0" tag="245">
      <marc:subfield code="b">Der Film. DVD</marc:subfield>
   </marc:datafield>
   <marc:datafield ind1="0" ind2="0" tag="245">
      <marc:subfield code="c">Walter Moers</marc:subfield>
   </marc:datafield>
   <marc:datafield ind1=" " ind2="1" tag="264">
      <marc:subfield code="a">München</marc:subfield>
      <marc:subfield code="b">Universum Film Gmbh.</marc:subfield>
      <marc:subfield code="c">2000</marc:subfield>
   </marc:datafield>
   <marc:datafield ind1="1" ind2=" " tag="520">
      <marc:subfield code="a">51 Vor etlichen Jahren hat Käpt'n Blaubär die Welteroberungspläne seines ehemaligen Sandkastenfreundes Feinfinger zunichte gemacht. Nun ist die Stunde der Rache gekommen: Feinfinger, mittlerweile ein verrückter Wissenschaftler und genialer Verbrecher, hat die drei Bärchen entführt! Zusammen mit Hein Blöd sticht Käpt'n Blaubär in See, um seine Enkel zu befreien. Die Zeit drängt. Feinfinger will die drei Bärchen zu Superschurken ausbilden und mit ihnen gemeinsam die Welt in seine Gewalt bringen. Doch die Reise von Blaubär ist mit zahllosen Gefahren gepflastert: Feinfinger schickt nicht nur eine Bande wilder, blutrünstiger Krokodil-Piraten ins Feld, sondern auch noch die gefürchteten Wellenzwerge...</marc:subfield>
   </marc:datafield>
   <marc:datafield ind1="0" ind2=" " tag="490">
      <marc:subfield code="v">0</marc:subfield>
   </marc:datafield>
   <marc:datafield ind1=" " ind2=" " tag="300">
      <marc:subfield code="a">78 min</marc:subfield>
   </marc:datafield>
</marc:record>
